| 000 | 00545nam a2200181Ia 4500 | ||
|---|---|---|---|
| 999 |
_c11119 _d11119 |
||
| 003 | OSt | ||
| 005 | 20200101160515.0 | ||
| 008 | 190216s9999||||xx |||||||||||||| ||und|| | ||
| 020 | _a9780198071532 | ||
| 040 | _coclc | ||
| 082 |
_a338.95469051 _bNAC/I |
||
| 100 |
_aNachane, Dilip M _9878 |
||
| 245 | 0 |
_aIndia Development Report 2011 / _cDilip M Nachane |
|
| 260 |
_bOxford University Press, _c2011. _aNew Delhi: |
||
| 300 | _a296p | ||
| 650 | _aEconomics | ||
| 942 |
_cBK _2ddc _h338.95469051 _iNAC/I _k338.95469051 _mNAC/I |
||